Транспорт для ветра: монография

Detalles Bibliográficos
Autor principal: Власов В. К. Валентин Константинович
Sumario:Книга посвящена всему многообразию транспортных средств, использующих силу ветра, истории и развитию первичных и вторичных ветродвигателей. Обобщаются современные тенденции ветроэнергетики транспортных средств, анализируются исследования и конструкторский опыт ведущих мировых разработчиков и производителей. Для широкого круга читателей, исследователей, любителей техники и разработчиков объектов альтернативной энергетики, изобретателей.
Lenguaje:ruso
Publicado: Москва, Инфра-Инженерия, 2024
Materias:
Formato: Libro
KOHA link:https://koha.lib.tpu.ru/cgi-bin/koha/opac-detail.pl?biblionumber=673251

MARC

LEADER 00000nam0a2200000 4500
001 673251
005 20241004130833.0
010 |a 978-5-9729-2059-4 
090 |a 673251 
100 |a 20240620d2024 k||y0rusy50 ca 
101 0 |a rus 
102 |a RU 
105 |a a z 001yy 
181 0 |a i   |b  e  
182 0 |a n 
183 0 |a nc  |2 RDAcarrier 
200 1 |a Транспорт для ветра  |e монография  |f В. К. Власов 
203 |a Текст  |b визуальный  |c непосредственный 
210 |a Москва  |a Вологда  |c Инфра-Инженерия  |d 2024 
215 |a 153 с.  |c ил. 
283 |a volume  |2 RDAcarrier 
320 |a Литература: с. 150-153 
330 |a Книга посвящена всему многообразию транспортных средств, использующих силу ветра, истории и развитию первичных и вторичных ветродвигателей. Обобщаются современные тенденции ветроэнергетики транспортных средств, анализируются исследования и конструкторский опыт ведущих мировых разработчиков и производителей. Для широкого круга читателей, исследователей, любителей техники и разработчиков объектов альтернативной энергетики, изобретателей. 
606 1 |a Ветротехника  |9 30909 
610 1 |a паруса 
610 1 |a парусники 
610 1 |a роторы Флеттнера 
610 1 |a энергия ветра 
610 1 |a воздушные змеи 
610 1 |a сухопутное перемещение 
610 1 |a парусные экипажи 
610 1 |a колесные яхты 
610 1 |a буера 
610 1 |a ветроходы 
610 1 |a ветроколесные судна 
610 1 |a монографии 
675 |a 621.548  |v 4 
700 1 |a Власов  |b В. К.  |g Валентин Константинович 
801 0 |a RU  |b 63413507  |c 20240701 
942 |c BK